Obras del ilustrissimo, excelentissimo y venerable siervo de Dios, Don Juan de Palafox y Mendoza... Obispo de la Puebla de los Angeles y de Osma... : (Registro nro. 161288)
[ vista simple ]
| 000 -LEADER | |
|---|---|
| campo de control de longitud fija | 01392nam a2200253 i 4500 |
| 001 - NÚMERO DE CONTROL | |
| campo de control | 161288 |
| 003 - IDENTIFICADOR DE NÚMERO DE CONTROL | |
| campo de control | ES-MaACL |
| 005 - FECHA Y HORA DE LA ÚLTIMA TRANSACCIÓN | |
| campo de control | 20250830062232.0 |
| 008 - DATOS DE LONGITUD FIJA--INFORMACIÓN GENERAL | |
| campo de control de longitud fija | 931025s1762 sp a |||| | spa d |
| 100 1# - ENTRADA PRINCIPAL--NOMBRE DE PERSONA | |
| Nombre de persona | Palafox y Mendoza, Juan de, |
| Fechas asociadas al nombre | 1600-1659 |
| 9 (RLIN) | 239354 |
| 245 10 - MENCIÓN DEL TÍTULO | |
| Título | Obras del ilustrissimo, excelentissimo y venerable siervo de Dios, Don Juan de Palafox y Mendoza... Obispo de la Puebla de los Angeles y de Osma... : |
| Resto del título | tomo III : parte I : direcciones para los señores Obispos, y cartas Pastorales al clero, y fieles de los obispados de la Puebla, y de Osma... |
| 260 ## - PUBLICACIÓN, DISTRIBUCIÓN, ETC. | |
| Lugar de publicación, distribución, etc. | En Madrid : |
| Nombre del editor, distribuidor, etc. | en la Imprenta de Don Gabriel Ramirez ..., |
| Fecha de publicación, distribución, etc. | 1762. |
| 300 ## - DESCRIPCIÓN FÍSICA | |
| Extensión | [8], 536 p. : |
| Otras características físicas | il. ; |
| Dimensiones | Fol. |
| 530 ## - NOTA DISPONIBLE DE FORMULARIO FÍSICO ADICIONAL | |
| Nota de formato físico adicional disponible | Disponible en formato digital. |
| 597 ## - NOTA DE DESCRIPCIÓN FÍSICA | |
| NOTA DE DESCRIPCIÓN FÍSICA | Sign.: a4, A-Z4, 2A-2Z4, 3A-3X4. |
| 599 ## - NOTA A LAS ILUSTRACIONES | |
| NOTA A LAS ILUSTRACIONES | Port. con grab. calc. : "B\pte\s f." que reprenta al Buen Pastor. |
| 599 ## - NOTA A LAS ILUSTRACIONES | |
| NOTA A LAS ILUSTRACIONES | Grab. calc. p.114: "Is. Minguet delt. et sculp" y p.386:"Nemesio" |
| 650 #7 - PUNTO DE ACCESO ADICIONAL DE MATERIA--TÉRMINO DE MATERIA | |
| Término de materia o nombre geográfico como elemento de entrada | Teología pastoral |
| Fuente del encabezamiento o término | embne |
| 9 (RLIN) | 17472 |
| 700 1# - ENTRADA AGREGADA--NOMBRE PERSONAL | |
| Nombre de persona | Ramírez, Gabriel. |
| 9 (RLIN) | 131598 |
| 852 4# - LOCALIZACIÓN | |
| Ubicación | ES-MaACL |
| Número de control de estantería | R-2008 |
| Nota libre | - Enc. piel original de la época |
| 856 4# - LOCALIZACIÓN Y ACCESO ELECTRÓNICOS | |
| Identificador Uniforme de Recursos | <a href="https://bvpb.mcu.es/es/consulta/registro.do?id=437335 ">https://bvpb.mcu.es/es/consulta/registro.do?id=437335 </a> |
| Nota pública | Biblioteca Virtual del Patrimonio Bibliográfico |
| 856 ## - LOCALIZACIÓN Y ACCESO ELECTRÓNICOS | |
| Identificador Uniforme de Recursos | <a href="https://bibliotecadigital.jcyl.es/es/consulta/registro.do?id=7215">https://bibliotecadigital.jcyl.es/es/consulta/registro.do?id=7215</a> |
| Nota pública | Biblioteca Digital de Castilla y León |
| Estatus retirado | Estado de pérdida | Estado de daño | No para préstamo | Colección | Biblioteca de origen | Biblioteca actual | Ubicación en estantería | Fecha de adquisición | Fuente de adquisición | Total de préstamos | Signatura topográfica completa | Código de barras | Visto por última vez | Precio de reemplazo | Tipo de ítem Koha |
|---|---|---|---|---|---|---|---|---|---|---|---|---|---|---|---|
| Colección digital | Biblioteca del Ateneo de Madrid | Biblioteca del Ateneo de Madrid | Depósito | 17/01/2008 | R-2008 | 1168938 | 23/02/2023 | 23/02/2023 | Libro impreso antiguo |
